Central Library OPAC University of Rajshahi

আধুনিক ভারত / (Record no. 71142)

MARC details
000 -LEADER
fixed length control field 00990nam a2200253 a 4500
001 - CONTROL NUMBER
control field 71142
003 - CONTROL NUMBER IDENTIFIER
rucl marc code BD-RjUL
005 - DATE AND TIME OF LATEST TRANSACTION
control field 20211209082100.0
008 - FIXED-LENGTH DATA ELEMENTS--GENERAL INFORMATION
fixed length control field 170427s1992 ii a|||| |||| 00| 0 ben d
020 ## - INTERNATIONAL STANDARD BOOK NUMBER
Terms of availability : TK. 34.00
035 ## - SYSTEM CONTROL NUMBER
System control number (BD-RjUL)71357
040 ## - CATALOGING SOURCE
Original cataloging agency BD-RjUL
Language of cataloging ben
Transcribing agency BD-RjUL
Modifying agency BD-RjUL
041 ## - LANGUAGE CODE
Language code of text/sound track or separate title ben
082 ## - DEWEY DECIMAL CLASSIFICATION NUMBER
Edition number 23
Classification number 954.03
Author mark and year CHA 1992
100 ## - MAIN ENTRY--PERSONAL NAME
Personal name চট্টোপাধ্যায়, প্রণবকুমার
9 (RLIN) 118562
245 ## - TITLE STATEMENT
Title আধুনিক ভারত /
Statement of responsibility, etc. প্রণবকুমার চট্টোপাধ্যায়
250 ## - EDITION STATEMENT
Edition statement ৩য় সং.
260 ## - PUBLICATION, DISTRIBUTION, ETC. (IMPRINT)
Place of publication, distribution, etc. কলিকাতা :
Name of publisher, distributor, etc. পশ্চিমবঙ্গ রাজ্য পুস্তক পর্ষদ,
Date of publication, distribution, etc. ১৯৯২.
300 ## - PHYSICAL DESCRIPTION
Pagination খন্ড. :
Illustrations চিত্র. ;
Size ২৪ সেমি.
505 ## - FORMATTED CONTENTS NOTE
Formatted contents note খন্ড.-২.-- (১৯২০-১৯৪৭)
651 ## - SUBJECT ADDED ENTRY--GEOGRAPHIC NAME
Geographic name ভারত
Form subdivision ইতিহাস
9 (RLIN) 210475
Geographic name India
Form subdivision History.
9 (RLIN) 210476
942 ## - ADDED ENTRY ELEMENTS (KOHA)
Source of classification or shelving scheme Dewey Decimal Classification
Koha item type Books
Holdings
Lost status Source of classification or shelving scheme Damaged status Not for loan Collection code Permanent Location Current Location Shelving location Date acquired Source of acquisition Cost, normal purchase price Total Checkouts Full call number Date last seen Copy number Koha item type
  Dewey Decimal Classification   Not For Loan Non-fiction Central Library, University of Rajshahi Central Library, University of Rajshahi Reading Room 09/12/2021 Biddasagor, Dhaka 34.00   B 954.03 CHA V-2 1992 27/04/2017 C-1 Books